000 00717cam a22002291 4500
001 he 68003169
003 DLC
005 20260227111504.0
008 940303s1968 is 000 0 heb
010 _ahe 68003169
025 _aPL480:Is-7592
035 _a(OCoLC)29897360
040 _aDLC
_cTxU
_dDLC
042 _apremarc
050 0 0 _aDS149
_b.A39462
110 2 _aWorld Zionist Organization.
_bInformation Department.
245 1 0 _aHityaʻatsut ha-Tsiyonit ha-ʻOlamit, Yerushalayim, 26-28 Shevat 725, Februar 25-27 1968.
260 _a[Yerushalayim]
_bha-Histadrut ha-Tsiyonit ha-ʻOlamit, ha-Maḥlakah le-hasbarah
_c[1968]
300 _a19 l.
_c28 cm.
500 _aCover title.
650 0 _aZionism.
999 _c33807
_d33807